| 000 -LEADER | |
|---|---|
| fixed length control field | 00431nam a22001697a 4500 |
| 005 - DATE AND TIME OF LATEST TRANSACTION | |
| control field | 20160523145642.0 |
| 008 - FIXED-LENGTH DATA ELEMENTS--GENERAL INFORMATION | |
| fixed length control field | 160523b xxu||||| |||| 00| 0 eng d |
| 020 ## - INTERNATIONAL STANDARD BOOK NUMBER | |
| ISBN | 81-7446481-6 |
| 041 ## - LANGUAGE CODE | |
| Language code of text/sound track or separate title | eng |
| 082 ## - DEWEY DECIMAL CLASSIFICATION NUMBER | |
| Item number | 4417 |
| 100 ## - MAIN ENTRY--AUTHOR NAME | |
| Personal name | Bhariho Ke, Deepak |
| 245 ## - TITLE STATEMENT | |
| Title | Fundamental of Information Technology |
| 260 ## - PUBLICATION, DISTRIBUTION, ETC. (IMPRINT) | |
| Place of publication | New Delhi |
| Name of publisher | Academic Faundation |
| 300 ## - PHYSICAL DESCRIPTION | |
| Number of Pages | 653 |
| 650 ## - SUBJECT ADDED ENTRY--TOPICAL TERM | |
| Topical Term | Information Technology |
| 942 ## - ADDED ENTRY ELEMENTS (KOHA) | |
| Koha item type | Books |
| Lost status | Damaged status | Collection code | Home library | Current library | Shelving location | Date acquired | Source of acquisition | Cost, normal purchase price | Full call number | Accession Number | Koha item type |
|---|---|---|---|---|---|---|---|---|---|---|---|
| CS/IT | JRU Library | JRU Library | SHELF-48-E | 23/05/2016 | PURCHASE | 275.00 | 004 | 4417 | Books | ||
| CS/IT | JRU Library | JRU Library | SHELF-48-E | 23/05/2016 | PURCHASE | 275.00 | 004 | 4418 | Books | ||
| CS/IT | JRU Library | JRU Library | SHELF-48-E | 23/05/2016 | PURCHASE | 275.00 | 004 | 4419 | Books | ||
| CS/IT | JRU Library | JRU Library | SHELF-48-E | 23/05/2016 | PURCHASE | 275.00 | 004 | 4420 | Books | ||
| CS/IT | JRU Library | JRU Library | SHELF-48-E | 23/05/2016 | PURCHASE | 275.00 | 004 | 4421 | Books | ||
| CS/IT | JRU Library | JRU Library | SHELF-48-E | 23/05/2016 | PURCHASE | 275.00 | 004 | 4422 | Books |